<?xml version="1.0" encoding="UTF-8"?>
<record
    xmlns:xsi="http://www.w3.org/2001/XMLSchema-instance"
    xsi:schemaLocation="http://www.loc.gov/MARC21/slim http://www.loc.gov/standards/marcxml/schema/MARC21slim.xsd"
    xmlns="http://www.loc.gov/MARC21/slim">

  <leader>00777nab a2200205uuc4500</leader>
  <controlfield tag="001">1232019</controlfield>
  <controlfield tag="005">20240202100708.0</controlfield>
  <controlfield tag="008">110215e20100901                    spa  </controlfield>
  <datafield tag="035" ind1=" " ind2=" ">
    <subfield code="a">1232019</subfield>
  </datafield>
  <datafield tag="035" ind1=" " ind2=" ">
    <subfield code="a">(OCoLC)820574655</subfield>
  </datafield>
  <datafield tag="040" ind1=" " ind2=" ">
    <subfield code="c">comduadb</subfield>
  </datafield>
  <datafield tag="041" ind1=" " ind2=" ">
    <subfield code="a">spa</subfield>
  </datafield>
  <datafield tag="100" ind1="1" ind2="0">
    <subfield code="a">Navarro Restrepo, Carlos Eduardo</subfield>
    <subfield code="4">aut</subfield>
    <subfield code="e">aut</subfield>
    <subfield code="9">483685</subfield>
  </datafield>
  <datafield tag="245" ind1="1" ind2="3">
    <subfield code="a">El m&#xE9;todo cient&#xED;fico en la fundamentaci&#xF3;n de la moderna cirug&#xED;a del Sistema Nervioso Central, seg&#xFA;n "Brain Surgery" (primera parte)</subfield>
  </datafield>
  <datafield tag="650" ind1=" " ind2="0">
    <subfield code="a">M&#xE9;todos de investigaci&#xF3;n</subfield>
    <subfield code="9">181740</subfield>
  </datafield>
  <datafield tag="650" ind1=" " ind2="7">
    <subfield code="a">Sistema nervioso central</subfield>
    <subfield code="2">dcs</subfield>
    <subfield code="9">50569</subfield>
  </datafield>
  <datafield tag="650" ind1=" " ind2=" ">
    <subfield code="a">Neurolog&#xED;a - Historia</subfield>
    <subfield code="9">159747</subfield>
  </datafield>
  <datafield tag="773" ind1="0" ind2=" ">
    <subfield code="t">Neurociencias en Colombia (Bogot&#xE1;)</subfield>
    <subfield code="g">Vol. 17, No. 03, Sep. 2010, p. 19-27</subfield>
    <subfield code="w">441638</subfield>
    <subfield code="x">0123-4048</subfield>
    <subfield code="0">118003</subfield>
  </datafield>
  <datafield tag="942" ind1=" " ind2=" ">
    <subfield code="c">ARIMP</subfield>
  </datafield>
  <datafield tag="999" ind1=" " ind2=" ">
    <subfield code="c">571909</subfield>
    <subfield code="d">571909</subfield>
  </datafield>
</record>
